[Event "51st World Juniors"]
[Site "Athens GRE"]
[Date "2012.08.08"]
[Round "7.57"]
[White "Kalogridakis, Georgios"]
[Black "Larmuseau, Michiel"]
[Result "0-1"]
[WhiteElo "2017"]
[BlackElo "2154"]
[WhiteFideId "4249666"]
[BlackFideId "263214"]
[EventDate "2012.08.02"]

1. e4 e6 2. d3 d5 3. Nd2 Nf6 4. Ngf3 Nc6 5. g3 dxe4 6. dxe4 e5 7. Bg2 Be6 8. O-O
Bc5 9. c3 a5 10. Ng5 Bc8 11. Qe2 O-O 12. a4 Qe7 13. Nc4 b6 14. h3 Ba6 15. b3
Rfd8 16. Re1 Ne8 17. Bf1 Nd6 18. Qh5 h6 19. Nf3 Nxc4 20. bxc4 Qf6 21. Kg2 Rd7
22. g4 Qg6 23. Qh4 Rad8 24. Be3 Qd6 25. Bxc5 Qxc5 26. g5 Rd6 27. Qg3 hxg5 28.
Kh2 Rf6 29. Rad1 Rxd1 30. Rxd1 Bxc4 31. Bxc4 Qxc4 32. Nxg5 Qe2 33. Rg1 Qxf2+ 34.
Qxf2 Rxf2+ 35. Rg2 Rxg2+ 36. Kxg2 Kf8 37. Kf3 Ke7 38. Ke3 Nd8 39. Nf3 Kd6 40.
Ng5 f6 41. Nf3 Kc5 42. Nh4 Kc4 43. Nf5 Ne6 44. h4 g6 45. Ne7 Nf4 46. Ng8 g5 47.
hxg5 fxg5 48. Nh6 Kxc3 49. Nf7 Ng6 50. Nxg5 Kb4 0-1

[Event "51st World Juniors"]
[Site "Athens GRE"]
[Date "2012.08.08"]
[Round "7.58"]
[White "Ashiku, Franc"]
[Black "Papasimakopoulos, Vasilios"]
[Result "1-0"]
[WhiteElo "2152"]
[BlackElo "1820"]
[WhiteFideId "4700066"]
[BlackFideId "4244141"]
[EventDate "2012.08.02"]

1. e4 e6 2. d4 d5 3. Nc3 Bb4 4. e5 Ne7 5. a3 Bxc3+ 6. bxc3 c5 7. Qg4 cxd4 8.
Qxg7 Rg8 9. Qxh7 Qc7 10. Ne2 Nbc6 11. f4 dxc3 12. Qd3 Nf5 13. h4 Nce7 14. Rh3
Bd7 15. h5 Nh6 16. Be3 Nef5 17. Bg1 b6 18. Qxc3 Qb7 19. Nd4 Rc8 20. Qd2 Kf8 21.
Bd3 Kg7 22. Qe2 Qc7 23. O-O-O Kh8 24. Nxf5 exf5 25. Ba6 Rce8 26. Rxd5 Bc6 27.
Qc4 Re6 28. Bd4 Qe7 29. Rd6 Bxg2 30. Rc3 Re8 31. Bc8 Qh4 32. Bxe6 fxe6 33. Rxe6
Qxh5 34. Rxe8+ Qxe8 35. e6+ Kg8 36. Rg3+ 1-0

[Event "51st World Juniors"]
[Site "Athens GRE"]
[Date "2012.08.08"]
[Round "7.59"]
[White "Hatzoudis, Gerasimos"]
[Black "Carbone, Diego"]
[Result "1/2-1/2"]
[WhiteElo "1843"]
[BlackElo "2069"]
[WhiteFideId "4221370"]
[BlackFideId "3002179"]
[EventDate "2012.08.02"]

1. Nf3 Nf6 2. c4 c5 3. Nc3 e6 4. g3 b6 5. Bg2 Bb7 6. O-O Be7 7. d4 cxd4 8. Qxd4
d6 9. Bg5 a6 10. Bxf6 Bxf6 11. Qf4 O-O 12. Rfd1 Be7 13. Ne4 Bxe4 14. Qxe4 Ra7
15. Nd4 Rc7 16. b3 Qc8 17. a4 Rc5 18. Qb1 Qc7 19. Ra2 Rc8 20. Rad2 Nd7 21. e4 h5
22. Bf1 Ne5 23. b4 Rxc4 24. Bxc4 Nxc4 25. Rc2 Qb7 26. b5 Rc5 27. Nb3 Na3 28.
Nxc5 dxc5 29. Qa2 Nxc2 30. Qxc2 axb5 31. axb5 Bf6 32. e5 Be7 33. Qd3 h4 34. h3
c4 35. Qxc4 hxg3 36. fxg3 Qf3 37. Qd3 Bc5+ 38. Kh2 Qf2+ 39. Kh1 Be3 40. Qd8+ Kh7
41. Qh4+ Bh6 42. Qe4+ g6 43. Qg2 Qf5 44. Re1 Qd3 45. Rf1 Qxb5 46. Rxf7+ Bg7 47.
Qe4 Qb3 48. Kg2 b5 49. h4 Qd1 50. Rf3 Qd2+ 51. Kh3 Qd1 52. Kg4 Qh1 53. Qc6 Qb1
54. Qxe6 Qe4+ 55. Rf4 Qe2+ 56. Kh3 b4 57. Qf7 Qxe5 58. Rxb4 Qe1 59. Qf4 Qh1+ 60.
Kg4 Qd1+ 61. Kh3 Qh1+ 62. Kg4 Qd1+ 63. Kh3 Qh1+ 64. Kg4 Qd1+ 1/2-1/2

[Event "51st World Juniors"]
[Site "Athens GRE"]
[Date "2012.08.08"]
[Round "7.60"]
[White "Papasimakopoulos, Alexandros"]
[Black "Kalofonos, Panayotis"]
[Result "1-0"]
[WhiteElo "2126"]
[BlackElo "1806"]
[WhiteFideId "4244125"]
[BlackFideId "4233824"]
[EventDate "2012.08.02"]

1. d4 d5 2. c4 e6 3. Nc3 c6 4. Nf3 Nf6 5. cxd5 exd5 6. Bg5 Bf5 7. e3 Nbd7 8. Be2
Be7 9. O-O Ne4 10. Bf4 O-O 11. Nd2 Nxd2 12. Qxd2 Nf6 13. f3 Bd6 14. Bg5 h6 15.
Bxf6 Qxf6 16. e4 Qh4 17. e5 Bc7 18. Kh1 Be6 19. f4 f5 20. Rac1 Ba5 21. a3 Bxc3
22. Rxc3 Qe7 23. b4 Rac8 24. Bd3 Rc7 25. Qc2 Qd7 26. b5 Rfc8 27. Rc1 Kf7 28. a4
Ke7 29. a5 Rb8 30. a6 bxa6 31. Rxc6 Rxc6 32. bxc6 Qc7 33. g4 fxg4 34. f5 Bf7 35.
Qc5+ Ke8 36. Qd6 1-0

[Event "51st World Juniors"]
[Site "Athens GRE"]
[Date "2012.08.08"]
[Round "7.61"]
[White "Arat, Ufuk Sezen"]
[Black "Zervos, Lazaros"]
[Result "1-0"]
[WhiteElo "2124"]
[BlackElo "1799"]
[WhiteFideId "6309089"]
[BlackFideId "4238362"]
[EventDate "2012.08.02"]

1. e4 c5 2. Nc3 Nc6 3. g3 g6 4. Bg2 Bg7 5. d3 d6 6. Be3 e6 7. Qd2 Rb8 8. Nf3 b6
9. O-O Nge7 10. Bh6 O-O 11. Bxg7 Kxg7 12. d4 f5 13. Rfe1 h6 14. Rad1 fxe4 15.
Nxe4 d5 16. dxc5 Kh7 17. Qc3 dxe4 18. Rxd8 Nxd8 19. Ne5 Nd5 20. Qa3 Rf5 21. c6
Ra8 22. c7 Nf7 23. Nxf7 Rxf7 24. Bxe4 Rxc7 25. c4 Bb7 26. cxd5 exd5 27. Bxg6+ 1-0

[Event "51st World Juniors"]
[Site "Athens GRE"]
[Date "2012.08.08"]
[Round "7.62"]
[White "Alexiadis, Hristos"]
[Black "Stepanyan, Henrik"]
[Result "0-1"]
[WhiteElo "1769"]
[BlackElo "2022"]
[WhiteFideId "4249623"]
[BlackFideId "401030"]
[EventDate "2012.08.02"]

1. e4 e5 2. Nf3 Nc6 3. Bb5 Nf6 4. O-O Nxe4 5. d4 Nd6 6. Bxc6 dxc6 7. Nxe5 Be7 8.
Re1 O-O 9. Nc3 Nf5 10. Be3 Bf6 11. Nf3 Nd6 12. Ne5 Re8 13. Bf4 Bf5 14. Ne2 Bxe5
15. Bxe5 Nc4 16. Ng3 Bg6 17. Qe2 b5 18. Qf3 Qd7 19. Qc3 Nb6 20. Rad1 Nd5 21. Qd2
f6 22. Bf4 Nxf4 23. Qxf4 Bxc2 24. Rc1 Bg6 25. Red1 Re7 26. h4 h6 27. Qf3 Bf7 28.
Nf5 Ree8 29. d5 Re5 30. Ne3 cxd5 31. Qg3 Re7 32. Rd3 Kh8 33. Rdc3 Rc8 34. Rc5 c6
35. Nc2 Re4 36. Ne3 Be6 37. R5c2 d4 38. Rd2 Qc7 39. Qxc7 Rxc7 40. Nc2 Bxa2 41.
Rxd4 Rce7 42. Rxe4 Rxe4 43. Ra1 Bb3 44. Ne3 Ra4 45. Rc1 Bd5 46. h5 Ra2 47. Rc2
a5 48. Kf1 a4 49. f3 b4 50. Nxd5 cxd5 51. Rc8+ Kh7 52. Ra8 b3 53. Ke1 a3 54.
bxa3 b2 55. Rb8 Ra1+ 56. Kf2 b1=Q 57. Rxb1 Rxb1 58. Ke3 Rb3+ 59. Kd4 Rxa3 0-1

[Event "51st World Juniors"]
[Site "Athens GRE"]
[Date "2012.08.08"]
[Round "7.63"]
[White "Wu, Kevin"]
[Black "Davis, Ashley J"]
[Result "1-0"]
[WhiteElo "1905"]
[BlackElo "1929"]
[WhiteFideId "2609720"]
[BlackFideId "407798"]
[EventDate "2012.08.02"]

1. e4 c5 2. c3 e6 3. Nf3 Nc6 4. d4 cxd4 5. cxd4 d5 6. exd5 Qxd5 7. Nc3 Bb4 8.
Bd2 Qd8 9. a3 Ba5 10. b4 Bb6 11. Be3 Nf6 12. Bc4 O-O 13. O-O Qc7 14. Qe2 Rd8 15.
Rfd1 a6 16. Rac1 Qe7 17. d5 Bxe3 18. Qxe3 exd5 19. Nxd5 Nxd5 20. Bxd5 Qxe3 21.
fxe3 Be6 22. Bxe6 fxe6 23. Ng5 Ne5 24. Nxe6 Rxd1+ 25. Rxd1 Rc8 26. Rd8+ Rxd8 27.
Nxd8 b6 28. a4 Kf8 29. a5 bxa5 30. bxa5 Nc4 31. Kf2 Nxa5 32. Ne6+ Ke7 33. Nc7
Kd6 34. Nxa6 Nc6 35. Kf3 Ke5 36. Nc5 h6 37. g4 Ne7 38. h4 h5 39. Nd3+ Kd6 40.
gxh5 Nf5 41. Nf4 Ke5 42. Ng6+ Kf6 43. Kf4 Nd6 44. e4 Nc4 45. Nf8 Ne5 46. Nh7+
Ke6 47. Kg5 Kf7 48. Kf5 Nd3 49. e5 Ke7 50. Ng5 Nc5 51. Kg6 Kf8 52. e6 Nd3 53.
e7+ 1-0

[Event "51st World Juniors"]
[Site "Athens GRE"]
[Date "2012.08.08"]
[Round "7.64"]
[White "Cajahuanca Ramirez, Olindo"]
[Black "Panagos, Theodoros"]
[Result "1-0"]
[WhiteElo "1856"]
[BlackElo "1768"]
[WhiteFideId "3811530"]
[BlackFideId "4236955"]
[EventDate "2012.08.02"]

1. d4 Nf6 2. c4 e6 3. Nc3 Bb4 4. Bg5 h6 5. Bh4 b6 6. e3 Bb7 7. Nf3 g5 8. Bg3 Ne4
9. Qc2 d6 10. Bd3 Bxc3+ 11. bxc3 f5 12. O-O Nd7 13. Nd2 Ndf6 14. f3 Nxg3 15.
hxg3 Qe7 16. e4 fxe4 17. Nxe4 O-O-O 18. Rae1 Kb8 19. a4 Nh5 20. Qf2 a5 21. Re3
Bc6 22. Bc2 Qd7 23. Ra1 Rc8 24. c5 dxc5 25. dxc5 Bxe4 26. Rxe4 Nf6 27. Rd4 Qc6
28. cxb6 cxb6 29. Rb1 Ka7 30. Rc4 Ng4 31. Qd4 e5 32. Qxg4 h5 33. Rxc6 hxg4 34.
Be4 gxf3 35. gxf3 b5 36. Rxb5 Rcd8 37. Rxa5+ Kb7 38. Rb5+ Ka7 39. Rc7+ Ka6 40.
Bb7+ Ka7 41. Bd5+ 1-0

[Event "51st World Juniors"]
[Site "Athens GRE"]
[Date "2012.08.08"]
[Round "7.65"]
[White "Jefic, Srdjan"]
[Black "Tsiros, Fragkiskos Vlasios"]
[Result "1/2-1/2"]
[WhiteElo "2165"]
[BlackElo "1897"]
[WhiteFideId "14403080"]
[BlackFideId "4228200"]
[EventDate "2012.08.02"]

1. e4 c5 2. Nc3 Nc6 3. f4 g6 4. Nf3 Bg7 5. g3 d6 6. d3 e6 7. Bg2 Nge7 8. O-O O-O
9. h3 Nd4 10. Ne2 Nxe2+ 11. Qxe2 f5 12. c3 Bd7 13. Bd2 Qb6 14. Rab1 Rae8 15. e5
d5 16. Kh2 Qa6 17. b3 Bb5 18. c4 dxc4 19. dxc4 Bc6 20. Be3 b6 21. Rfd1 Be4 22.
Rb2 Qc8 23. Rbd2 Rd8 24. Ng5 Bxg2 25. Qxg2 Rxd2 26. Qxd2 h6 27. Qd7 Qxd7 28.
Rxd7 hxg5 29. Rxe7 Rd8 30. fxg5 Bxe5 31. Rxe6 Bd4 32. Bf4 Kf7 33. Re2 Rd7 34.
Kg2 a6 35. Kf3 Bc3 36. g4 fxg4+ 37. Kxg4 b5 38. Re4 Rd1 39. h4 Bd4 40. Re2 bxc4
41. bxc4 Rg1+ 42. Kf3 Rh1 43. Bd6 Rxh4 44. Re7+ Kg8 45. Re8+ Kf7 46. Re7+ Kg8
47. Bg3 Rh1 48. Re6 Kf7 49. Rxa6 Rc1 50. Ke4 Rxc4 51. Kd5 Rc1 52. Ra7+ Kg8 53.
Bd6 Rg1 54. Be7 Be3 55. Bf6 Bxg5 56. Rg7+ Kf8 57. Rxg6 Rd1+ 58. Kxc5 Be3+ 59.
Kc4 Kf7 60. Rg3 Bf4 61. Rf3 Kxf6 62. Rxf4+ Ke5 63. Rf8 Ra1 64. Kb3 Kd6 65. Rc8
Kd7 66. Rc2 Rb1+ 67. Ka4 Rb7 68. a3 Rc7 69. Rh2 Ra7+ 70. Kb5 Kc8 71. Rh8+ Kc7
72. a4 Rb7+ 73. Ka5 Ra7+ 74. Kb5 Rb7+ 75. Ka6 Rb6+ 76. Ka5 Rg6 77. Rh7+ Kb8 1/2-1/2

[Event "51st World Juniors"]
[Site "Athens GRE"]
[Date "2012.08.10"]
[Round "8.1"]
[White "Ding, Liren"]
[Black "Ipatov, Alexander"]
[Result "1/2-1/2"]
[WhiteTitle "GM"]
[BlackTitle "GM"]
[WhiteElo "2695"]
[BlackElo "2577"]
[WhiteFideId "8603677"]
[BlackFideId "14116731"]
[EventDate "2012.08.02"]

1. Nf3 d5 2. d4 Nf6 3. c4 e6 4. Nc3 Nbd7 5. Bf4 dxc4 6. e3 a6 7. a4 Bd6 8. Bg5
h6 9. Bh4 b6 10. Bxc4 Bb7 11. O-O Qe7 12. d5 e5 13. Qe2 g5 14. Bg3 Nf8 15. Nd2
Ng6 16. f3 h5 17. Nde4 Nxe4 18. fxe4 Bc8 19. Be1 g4 20. Qd3 Qg5 21. Ne2 h4 22.
Bd2 O-O 23. Nc3 Kg7 24. Qe2 Ne7 25. b3 f6 26. Rac1 Qg6 27. Bd3 Rf7 28. Be1 Qg5
29. Bd2 Qg6 30. Rc2 Ng8 31. Nd1 Nh6 32. Nc3 Bb7 1/2-1/2

[Event "51st World Juniors"]
[Site "Athens GRE"]
[Date "2012.08.10"]
[Round "8.2"]
[White "Yu, Yangyi"]
[Black "Grigoryan, Karen H."]
[Result "1-0"]
[WhiteTitle "GM"]
[BlackTitle "IM"]
[WhiteElo "2635"]
[BlackElo "2529"]
[WhiteFideId "8603820"]
[BlackFideId "13301004"]
[EventDate "2012.08.02"]

1. e4 c6 2. d4 d5 3. e5 Bf5 4. Nc3 e6 5. g4 Bg6 6. Nge2 Qh4 7. h3 c5 8. Be3 Nc6
9. Qd2 Qd8 10. dxc5 Nxe5 11. Nd4 Bxc5 12. O-O-O Nf6 13. Nxe6 fxe6 14. Bxc5 Rc8
15. Qe3 Ne4 16. Bd4 Nc6 17. Bxg7 Rg8 18. Bg2 Nb4 19. Bxe4 Bxe4 20. Nxe4 Nxc2 21.
Qh6 Ne3+ 22. Kb1 Nxd1 23. Qxe6+ 1-0

[Event "51st World Juniors"]
[Site "Athens GRE"]
[Date "2012.08.10"]
[Round "8.3"]
[White "Rapport, Richard"]
[Black "Antipov, Mikhail Al."]
[Result "1-0"]
[WhiteTitle "GM"]
[BlackTitle "IM"]
[WhiteElo "2605"]
[BlackElo "2462"]
[WhiteFideId "738590"]
[BlackFideId "4107012"]
[EventDate "2012.08.02"]

1. d4 Nf6 2. c4 e6 3. Nc3 Bb4 4. Bg5 h6 5. Bh4 c5 6. d5 exd5 7. cxd5 d6 8. e3
O-O 9. Bd3 Nbd7 10. Ne2 a6 11. a3 Ba5 12. O-O b5 13. b4 Bb6 14. Bg3 Qe7 15. bxc5
Bxc5 16. Nd4 Bxd4 17. exd4 Nb6 18. Bh4 g5 19. Re1 Qd8 20. Bg3 Nbxd5 21. Nxd5
Nxd5 22. Qf3 Be6 23. h4 Kg7 24. hxg5 hxg5 25. Rac1 Rh8 26. Rc6 Nf4 27. Rxe6 fxe6
28. Bxf4 gxf4 29. Qg4+ Kf7 30. Qxf4+ Ke7 31. d5 Rf8 32. Qe3 Rf6 33. g4 e5 34.
Qg5 Rc8 35. Rxa6 Rc1+ 1-0

[Event "51st World Juniors"]
[Site "Athens GRE"]
[Date "2012.08.10"]
[Round "8.4"]
[White "Debashis, Das"]
[Black "Shimanov, Aleksandr"]
[Result "1/2-1/2"]
[WhiteTitle "IM"]
[BlackTitle "GM"]
[WhiteElo "2446"]
[BlackElo "2596"]
[WhiteFideId "5024854"]
[BlackFideId "4198603"]
[EventDate "2012.08.02"]

1. d4 Nf6 2. c4 g6 3. Nc3 Bg7 4. e4 O-O 5. Nf3 d6 6. Be2 e5 7. d5 a5 8. h3 Na6
9. Bg5 Nc5 10. Nd2 c6 11. O-O Bd7 12. Qc2 Rb8 13. a3 cxd5 14. cxd5 a4 15. Be3 b5
16. b4 axb3 17. Nxb3 Na6 18. Rfb1 Nh5 19. Nd2 Qc8 20. Qb3 Nf4 21. Bf1 Nc5 22.
Qc2 Na4 23. Rc1 Nxc3 24. Qxc3 Qd8 25. Qc7 Qxc7 26. Rxc7 Rfd8 27. Rac1 Be8 28.
Ba7 Ra8 29. Rb7 Bh6 30. Rc2 f5 1/2-1/2

[Event "51st World Juniors"]
[Site "Athens GRE"]
[Date "2012.08.10"]
[Round "8.5"]
[White "Ter-Sahakyan, Samvel"]
[Black "Schreiner, Peter"]
[Result "1/2-1/2"]
[WhiteTitle "GM"]
[BlackTitle "FM"]
[WhiteElo "2567"]
[BlackElo "2444"]
[WhiteFideId "13302531"]
[BlackFideId "1621645"]
[EventDate "2012.08.02"]

1. e4 e5 2. Nf3 Nc6 3. Bb5 Nf6 4. d3 Bc5 5. c3 O-O 6. O-O d6 7. Bg5 h6 8. Bh4 g5
9. Bg3 Nh5 10. Nbd2 Qf6 11. Bxc6 bxc6 12. d4 exd4 13. e5 Qg7 14. cxd4 Bb6 15.
Qa4 f5 16. exf6 Nxf6 17. Qxc6 Rb8 18. Qc2 Bb7 19. Rad1 Bd5 20. Rfe1 Rbe8 21. Qd3
Qh7 22. Qc3 Qf7 23. b3 Nh5 24. Rxe8 Rxe8 25. a4 g4 26. Ne1 Nf4 27. Bxf4 Qxf4 28.
Nd3 Qxd4 29. Qxd4 Bxd4 30. Kf1 Bc3 31. Nc1 Bf7 32. f3 gxf3 33. Nxf3 Re4 34. Rd3
Bf6 35. Ne2 Rb4 36. Nd2 Be5 37. Kf2 Bg6 38. Rh3 Kg7 39. Nc4 Bf6 40. Rf3 d5 41.
Nd2 Bg5 42. Ke1 c5 43. Rc3 Be7 44. g3 Bf7 45. Rd3 d4 46. Nf4 Bd8 47. Kd1 Ba5 48.
Rf3 Rb8 49. Nc4 Bc7 50. Kc2 Bxf4 51. Rxf4 Bxc4 52. bxc4 Rb4 53. Kd3 Rxa4 54. Rf5
Ra3+ 55. Ke4 Re3+ 56. Kf4 Re7 57. Rxc5 Rd7 58. Rd5 Rxd5 59. cxd5 Kf6 60. Ke4 a5
61. Kxd4 a4 62. g4 a3 63. Kc3 Ke5 64. h4 Kxd5 65. g5 hxg5 66. hxg5 Ke5 67. Kb3
Kf5 68. Kxa3 Kxg5 1/2-1/2

[Event "51st World Juniors"]
[Site "Athens GRE"]
[Date "2012.08.10"]
[Round "8.6"]
[White "Holt, Conrad"]
[Black "Zherebukh, Yaroslav"]
[Result "1-0"]
[WhiteTitle "IM"]
[BlackTitle "GM"]
[WhiteElo "2498"]
[BlackElo "2629"]
[WhiteFideId "2034387"]
[BlackFideId "14116804"]
[EventDate "2012.08.02"]

1. d4 d5 2. c4 c6 3. Nf3 Nf6 4. Nc3 e6 5. Bg5 h6 6. Bxf6 Qxf6 7. e3 Nd7 8. Bd3
dxc4 9. Bxc4 g6 10. O-O Bg7 11. Rc1 O-O 12. e4 Qe7 13. e5 c5 14. Re1 cxd4 15.
Qxd4 Nb6 16. Ne4 Rd8 17. Nd6 Bxe5 18. Nxe5 Rxd6 19. Qf4 g5 20. Qe4 Nd7 21. f4
gxf4 22. Qxf4 Qf6 23. Qxf6 Nxf6 24. Rf1 b5 25. Rxf6 bxc4 26. Rc3 Rd1+ 27. Kf2
Rd2+ 28. Kf1 Ba6 29. Rg3+ Kh7 30. Nxf7 c3+ 31. Ke1 Re2+ 32. Kd1 Rd8+ 33. Nxd8
cxb2 34. Rf7+ Kh8 35. Rb3 Rxg2 36. Rd7 Be2+ 37. Ke1 1-0

[Event "51st World Juniors"]
[Site "Athens GRE"]
[Date "2012.08.10"]
[Round "8.7"]
[White "Grandelius, Nils"]
[Black "Cori, Jorge"]
[Result "1/2-1/2"]
[WhiteTitle "GM"]
[BlackTitle "GM"]
[WhiteElo "2562"]
[BlackElo "2487"]
[WhiteFideId "1710400"]
[BlackFideId "3802272"]
[EventDate "2012.08.02"]

1. c4 e5 2. g3 Nc6 3. Bg2 g6 4. Nc3 Bg7 5. e4 d6 6. Nge2 f5 7. d3 Nf6 8. O-O O-O
9. Nd5 h6 10. h3 Be6 11. Be3 Qd7 12. exf5 gxf5 13. f4 Rae8 14. Qd2 Kh7 15. Rae1
Bxd5 16. cxd5 Ne7 17. Nc3 Ng6 18. Qf2 exf4 19. Bxf4 Rxe1 20. Rxe1 Nh5 21. Bc1
Be5 22. Ne2 Qg7 23. d4 Bf6 24. Kh2 Bg5 25. Qf3 Nf6 26. Bxg5 hxg5 27. Qxf5 Kh6
28. Ng1 Nh7 29. Qd3 Rf2 30. Re2 Rxe2 31. Nxe2 Qf7 32. Qe3 Qe7 33. Qd2 Kg7 34.
Nc3 a6 35. Be4 Qf6 36. Kg2 Qe7 37. Bf5 Nhf8 38. Ne4 Nh7 39. Qd3 Qf7 40. Be6 Qe8
41. Qc2 Qd8 42. Qf2 Qe8 43. Qf5 Qb5 44. Qf2 Qd3 45. Qf7+ Kh6 46. Nf2 Qe2 47. Bf5
Nhf8 48. Bd3 Qxb2 49. Kf3 Qxd4 50. Kg2 Qg7 51. Ng4+ Kh7 52. Bxg6+ Nxg6 53. Nf6+
Kh6 54. Ng4+ Kh7 1/2-1/2

[Event "51st World Juniors"]
[Site "Athens GRE"]
[Date "2012.08.10"]
[Round "8.8"]
[White "Wei, Yi"]
[Black "Yilmaz, Mustafa"]
[Result "1-0"]
[WhiteTitle "FM"]
[BlackTitle "IM"]
[WhiteElo "2418"]
[BlackElo "2543"]
[WhiteFideId "8603405"]
[BlackFideId "6302718"]
[EventDate "2012.08.02"]

1. e4 c5 2. Nf3 d6 3. d4 cxd4 4. Nxd4 Nf6 5. Nc3 a6 6. Be3 e6 7. f3 b5 8. Qd2 b4
9. Na4 Nbd7 10. O-O-O Qa5 11. b3 Bb7 12. a3 Qc7 13. axb4 d5 14. b5 e5 15. bxa6
exd4 16. Bf4 Qc6 17. axb7 Rxa4 18. b8=Q+ Nxb8 19. bxa4 Ba3+ 20. Kb1 O-O 21. Bb5
Qb6 22. Qxd4 Bc5 23. Qe5 Qa5 24. Bd2 Qb6 25. exd5 Bd4 26. Qf5 Na6 27. Qd3 Nc7
28. Bb4 Bc5 29. Bxc5 Qxc5 30. d6 Ncd5 31. d7 Rd8 32. Qc4 Nc3+ 33. Kb2 Nxd1+ 34.
Rxd1 Qb6 35. Qc6 Qa5 36. c3 h5 37. Rd6 Qa7 38. Qb6 1-0

[Event "51st World Juniors"]
[Site "Athens GRE"]
[Date "2012.08.10"]
[Round "8.9"]
[White "Grover, Sahaj"]
[Black "Pavlidis, Antonios"]
[Result "1/2-1/2"]
[WhiteTitle "IM"]
[BlackTitle "IM"]
[WhiteElo "2516"]
[BlackElo "2466"]
[WhiteFideId "5021103"]
[BlackFideId "4212312"]
[EventDate "2012.08.02"]

1. d4 d5 2. c4 c6 3. Nf3 Nf6 4. Nc3 e6 5. Bg5 dxc4 6. a4 Bb4 7. e4 c5 8. Bxc4
cxd4 9. Nxd4 Bxc3+ 10. bxc3 Qa5 11. Bxf6 gxf6 12. O-O Nd7 13. Qg4 Qg5 14. Bxe6
fxe6 15. Qxe6+ Kd8 16. Qd6 Re8 17. Ne6+ Rxe6 18. Qxe6 a5 19. Rad1 Ra6 20. Qb3
Kc7 21. Rd5 Qf4 22. Qc4+ Rc6 23. Qd4 Rd6 24. g3 Rxd5 25. gxf4 Rxd4 26. cxd4 Nb6
27. Rc1+ Kd8 28. d5 Nxa4 29. e5 fxe5 30. fxe5 Nb6 31. f4 Bf5 32. Rc5 a4 33. Ra5
Be4 34. d6 Kd7 35. Kf2 Ke6 36. Kg3 Bc6 37. Kg4 Nd5 38. Kg5 h6+ 39. Kxh6 Nxf4 40.
h4 Nd3 41. h5 Nxe5 1/2-1/2

[Event "51st World Juniors"]
[Site "Athens GRE"]
[Date "2012.08.10"]
[Round "8.10"]
[White "Salem, A.R. Saleh"]
[Black "Lapidus, Mark"]
[Result "0-1"]
[WhiteTitle "GM"]
[WhiteElo "2546"]
[BlackElo "2129"]
[WhiteFideId "9301348"]
[BlackFideId "4502299"]
[EventDate "2012.08.02"]

1. d4 Nf6 2. c4 e6 3. Nc3 d5 4. cxd5 exd5 5. Bg5 Be7 6. e3 O-O 7. Bd3 c6 8. Qc2
Nbd7 9. Nge2 Re8 10. O-O Nf8 11. f3 c5 12. Rad1 c4 13. Bf5 h6 14. Bxf6 Bxf6 15.
Bxc8 Rxc8 16. e4 dxe4 17. fxe4 Bg5 18. Rf3 Ne6 19. g3 Qd7 20. Kg2 Bd8 21. h4 b5
22. Rdf1 Rf8 23. e5 b4 24. Ne4 Nxd4 25. Nxd4 Qxd4 26. Nd6 Rc6 27. Nxf7 Be7 28.
Qf5 c3 29. bxc3 bxc3 30. R1f2 Qd5 31. Kh2 c2 32. Rc3 0-1

[Event "51st World Juniors"]
[Site "Athens GRE"]
[Date "2012.08.10"]
[Round "8.11"]
[White "Van Kampen, Robin"]
[Black "Bajarani, Ulvi"]
[Result "1-0"]
[WhiteTitle "GM"]
[BlackTitle "IM"]
[WhiteElo "2565"]
[BlackElo "2446"]
[WhiteFideId "1020854"]
[BlackFideId "13403028"]
[EventDate "2012.08.02"]

1. e4 e6 2. d4 d5 3. Nc3 Nf6 4. Bg5 Be7 5. e5 Nfd7 6. Bxe7 Qxe7 7. f4 O-O 8. Nf3
c5 9. Qd2 Nc6 10. dxc5 Nxc5 11. Qe3 a6 12. a3 b5 13. b4 Nd7 14. Bd3 f6 15. O-O
g6 16. exf6 Qxf6 17. Ne2 Rb8 18. Ned4 Nd8 19. Ne5 Nb6 20. Rae1 Rb7 21. g4 Nc4
22. Bxc4 dxc4 23. g5 Qg7 24. Ng4 Kh8 25. Nf6 Re7 26. Rf3 Nf7 27. Rh3 h5 28. Nf5
gxf5 29. Rxh5+ Nh6 30. Rxh6+ Qxh6 31. gxh6 Rxf6 32. Qe5 Rf7 33. Re3 Kh7 34. Rg3
Bd7 35. Qb8 Rf8 36. Qb7 R8f7 37. Qa8 Rf8 38. Qxa6 Rxh6 39. Qb7 Rf7 40. Qa8 Rg6
41. Rxg6 Kxg6 42. Kf2 Rh7 43. h4 1-0

[Event "51st World Juniors"]
[Site "Athens GRE"]
[Date "2012.08.10"]
[Round "8.12"]
[White "Huschenbeth, Niclas"]
[Black "Bluebaum, Matthias"]
[Result "1-0"]
[WhiteTitle "GM"]
[BlackTitle "IM"]
[WhiteElo "2532"]
[BlackElo "2424"]
[WhiteFideId "24604747"]
[BlackFideId "24651516"]
[EventDate "2012.08.02"]

1. e4 e6 2. d4 d5 3. Nd2 Nf6 4. e5 Nfd7 5. Bd3 c5 6. c3 Nc6 7. Ne2 cxd4 8. cxd4
f6 9. exf6 Nxf6 10. O-O Bd6 11. Nf3 Qc7 12. h3 O-O 13. Re1 Bd7 14. Be3 Rac8 15.
Rc1 a6 16. Nc3 Qa5 17. Bd2 Qd8 18. Bb1 b5 19. Bg5 h6 20. Be3 Be8 21. Ne2 Bh5 22.
Ng3 Bf7 23. a3 Qd7 24. Qd3 Qb7 25. Bd2 Qb8 26. Nh4 Qb6 27. Ng6 Bxg6 28. Qxg6 Ne7
29. Qd3 Rxc1 30. Rxc1 Bxg3 31. Qxg3 Qxd4 32. Bc3 Qb6 33. Bb4 Rc8 34. Re1 Re8 35.
Qe5 Kf7 36. Rc1 Rc8 37. Rxc8 Nxc8 38. Qg3 a5 39. Bg6+ Kg8 40. Qc3 Qb7 41. Bxa5
Ne7 42. Bd3 Nc6 43. Bb4 Nd7 44. Bd6 e5 45. Bg6 Nd4 46. Kh2 Qa7 1-0

[Event "51st World Juniors"]
[Site "Athens GRE"]
[Date "2012.08.10"]
[Round "8.13"]
[White "Heimann, Andreas"]
[Black "Mazur, Stefan"]
[Result "1-0"]
[WhiteTitle "IM"]
[BlackTitle "IM"]
[WhiteElo "2493"]
[BlackElo "2394"]
[WhiteFideId "24624632"]
[BlackFideId "14909332"]
[EventDate "2012.08.02"]

1. e4 c6 2. d4 d5 3. Nc3 dxe4 4. Nxe4 Bf5 5. Ng3 Bg6 6. N1e2 e6 7. Nf4 Bd6 8. c3
Qh4 9. Ngh5 Bxh5 10. Qxh5 Qxh5 11. Nxh5 g6 12. Ng3 Nf6 13. Bd3 Nbd7 14. O-O
O-O-O 15. Ne4 Nxe4 16. Bxe4 e5 17. dxe5 Nxe5 18. Bc2 f6 19. h3 Rhe8 20. Rd1 Bc5
21. Rxd8+ Rxd8 22. Bf4 Nc4 23. Bb3 Bd6 24. Bxd6 Nxd6 25. Re1 Re8 26. Rxe8+ Nxe8
27. Bg8 h6 28. Bf7 Nd6 29. Bxg6 Kd7 30. Bd3 Ke6 31. f4 f5 32. g4 Kf6 33. Kf2
fxg4 34. hxg4 Ne8 35. Ke3 Ng7 36. Bc4 Ne8 37. b4 Nd6 38. Bd3 b6 39. Kd4 Nc8 40.
Be4 Ne7 41. c4 Ke6 42. c5 bxc5+ 43. Kxc5 Kd7 44. f5 1-0